Top 10 Bundesliga Goalscorers of the Decade (2010s) - Statistics

General Stats
  • This quiz has been taken 511 times
  • The average score is 6 of 10
Answer Stats
Rank Player Goals % Correct
1st Robert Lewandowski 221
100%
3rd Thomas Müller 107
93%
2nd Marco Reus 122
85%
6th Arjen Robben 95
79%
4th Mario Gómez 99
71%
5th Pierre-Emerick Aubameyang 98
71%
8th Stefan Kießling 90
41%
9th Klaas-Jan Huntelaar 82
38%
10th Timo Werner 81
30%
7th Vedad Ibišević 93
15%
No matching quizzes found
Score Distribution
Percent of People with Each Score
Percentile by Number Answered
Your Score History
You have not taken this quiz